Fundamentals of WiMAX: understanding broadband wireless networking (Record no. 6274)
[ view plain ]
| 000 -LEADER | |
|---|---|
| fixed length control field | 00908 a2200229 4500 |
| 020 ## - INTERNATIONAL STANDARD BOOK NUMBER | |
| International Standard Book Number | 0132225522 |
| 020 ## - INTERNATIONAL STANDARD BOOK NUMBER | |
| International Standard Book Number | 9780132225526 |
| 040 ## - CATALOGING SOURCE | |
| Original cataloging agency | DLC |
| Language of cataloging | DLC |
| 082 00 - DEWEY DECIMAL CLASSIFICATION NUMBER | |
| Classification number | 621.382 |
| 100 1# - MAIN ENTRY--PERSONAL NAME | |
| Personal name | Andrews, Jeffrey G. |
| 245 10 - TITLE STATEMENT | |
| Title | Fundamentals of WiMAX: understanding broadband wireless networking |
| Remainder of title | understanding broadband wireless networking |
| Statement of responsibility, etc. | Jeffrey G. Andrews, Arunabha Ghosh, Rias Muhamed. |
| 260 ## - PUBLICATION, DISTRIBUTION, ETC. | |
| Place of publication, distribution, etc. | Upper Saddle River, NJ : |
| Name of publisher, distributor, etc. | Prentice Hall, |
| Date of publication, distribution, etc. | c2007. |
| 300 ## - PHYSICAL DESCRIPTION | |
| Extent | xxvii, 449 p. : |
| Other physical details | ill. ; |
| Dimensions | 25 cm. |
| 440 #0 - SERIES STATEMENT/ADDED ENTRY--TITLE | |
| Title | Prentice Hall communications engineering and emerging technologies series |
| 650 #0 - SUBJECT ADDED ENTRY--TOPICAL TERM | |
| Topical term or geographic name entry element | Wireless communication systems. |
| 650 #0 - SUBJECT ADDED ENTRY--TOPICAL TERM | |
| Topical term or geographic name entry element | Broadband communication systems. |
| 650 #0 - SUBJECT ADDED ENTRY--TOPICAL TERM | |
| Topical term or geographic name entry element | IEEE 802.16 (Standard) |
| 700 1# - ADDED ENTRY--PERSONAL NAME | |
| Personal name | Ghosh, Arunabha, |
| 700 1# - ADDED ENTRY--PERSONAL NAME | |
| Personal name | Muhamed, Rias. |
| 856 41 - ELECTRONIC LOCATION AND ACCESS | |
| Materials specified | Table of contents only |
| Uniform Resource Identifier | <a href="http://www.loc.gov/catdir/toc/ecip075/2006038505.html">http://www.loc.gov/catdir/toc/ecip075/2006038505.html</a> |
| 942 ## - ADDED ENTRY ELEMENTS (KOHA) | |
| Koha item type | Book |
| Call number prefix | 621.382 AND |
| Source of classification or shelving scheme | |
| Withdrawn status | Lost status | Damaged status | Not for loan | Collection code | Permanent Location | Current Location | Shelving location | Date acquired | Source of acquisition | Cost, normal purchase price | Total Checkouts | Full call number | Barcode | Date last seen | Price effective from | Koha item type |
|---|---|---|---|---|---|---|---|---|---|---|---|---|---|---|---|---|
| Central Library (CL) | Central Library (CL) | General Stacks | 05/19/2009 | Star Books | 4208.85 | 621.382 AND | SEECS009417 | 11/14/2012 | 01/05/2017 | Book |
